000 00580nam a2200205Ia 4500
003 GCL
008 140319s9999 xx 000 0 ara d
040 _aGCL /
_cGCL
082 0 4 _a801
_bس م
100 1 _aمحمد غنيمى هلال
245 1 0 _aما الادب ? /
_cمحمد غنيمى هلال
700 1 _aسارتر ، جان بول
300 _a254 ص
490 _aكتاب
_v0
650 0 4 _aالادب العربى
650 0 4 _aجان بول سارتر
650 0 4 _aالادب - نظريات
650 0 4 _aالكتابة الادبية
942 _2ddc
_cBK
999 _c42948
_d42948